| 000 | 00778cam a22002531a 4500 | ||
|---|---|---|---|
| 001 | sa 66004214 | ||
| 003 | DLC | ||
| 005 | 20260227112241.0 | ||
| 008 | 970319s1961 bg 000 0 eng | ||
| 010 | _asa 66004214 | ||
| 025 | _aPL480:EP-E-277 | ||
| 035 | _a(OCoLC)36576764 | ||
| 040 |
_aDLC _cCU _dDLC |
||
| 042 | _apremarc | ||
| 050 | 0 | 0 |
_aDS376 _b.S6527 |
| 110 | 2 | _aSociety for Pakistan Studies (Dacca). | |
| 245 | 1 | 0 | _aSociety for Pakistan Studies. |
| 260 |
_aDacca : _bThe Society, _c[1961] |
||
| 300 |
_a16 p. ; _c21 cm. |
||
| 490 | 1 |
_aSociety for Pakistan Studies. Publication ; _vno. 2 |
|
| 500 | _a"Pakistan Day, 14th August, 1961" | ||
| 610 | 2 | 0 | _aSociety for Pakistan Studies (Dacca) |
| 830 | 0 |
_aPublication (Society for Pakistan Studies (Dacca)) ; _vno. 2. |
|
| 999 |
_c69284 _d69284 |
||